Provinces of South Africa Quiz Stats

 Plays Quiz Updated Nov 1, 2017

Score 0/9 Timer 02:00
0 Plays Today
% Correct
Eastern Cape
84.8%
Western Cape
83.4%
Free State
82.5%
Northern Cape
81.9%
Limpopo
68.5%
KwaZulu-Natal
68%
North West
67.4%
Gauteng
60.9%
Mpumalanga
44.1%

You're not logged in!

Compare scores with friends on all Sporcle quizzes.
OR
Log In

Sporcle TV

Today on Sporcle TV


Watch our educational content, quiz creation guides, and fun videos on Sporcle TV.

Show Comments

Extras

Top Quizzes Today


Score Distribution

Your Account Isn't Verified!

In order to create a playlist on Sporcle, you need to verify the email address you used during registration. Go to your Sporcle Settings to finish the process.

Report this User

Report this user for behavior that violates our Community Guidelines.

Details: